Investigations at the classic Maya city of Caracol, Belize, 1985-1987 /

Saved in:
Bibliographic Details
Main Author: Chase, Arlen F. 1953-
Other Authors: Chase, Diane Z.
Format: Book
Language:English
Published: San Francisco, Calif. : Pre-Columbian Art Research Institute, [1987]
Series:Monograph (Pre-Columbian Art Research Institute (San Francisco, Calif.)) ; 3.
Subjects:
Tags: Add Tag
No Tags, Be the first to tag this record!
LEADER 01114nam a2200277Ia 4500
001 001321663-5
005 20050319140618.0
008 871119s1987 caua b 00010 eng d
035 0 |a ocm17005788 
040 |a IRU  |c IRU  |d TOZ 
100 1 |a Chase, Arlen F.  |q (Arlen Frank),  |d 1953- 
245 1 0 |a Investigations at the classic Maya city of Caracol, Belize, 1985-1987 /  |c Arlen F. Chase, Diane Z. Chase ; with appendices by Stephen D. Houston, Susan E. Jaeger, June D. Morton. 
260 0 |a San Francisco, Calif. :  |b Pre-Columbian Art Research Institute,  |c [1987] 
300 |a vi, 121 p. :  |b ill. ;  |c 26 cm. 
490 1 |a Monograph / Pre-Columbian Art Research Institute ;  |v 3 
500 |a "August 1987." 
504 |a Bibliography: p. 111-121. 
650 0 |a Mayas  |x Antiquities. 
650 0 |a Indians of Central America  |z Belize  |x Antiquities. 
650 0 |a Excavations (Archaeology)  |z Belize. 
651 0 |a Caracol Site (Belize) 
651 0 |a Belize  |x Antiquities. 
700 1 |a Chase, Diane Z. 
830 0 |a Monograph (Pre-Columbian Art Research Institute (San Francisco, Calif.)) ;  |v 3. 
988 |a 20020608 
906 |0 OCLC